[Event "Turkish Cup 2016"]
[Site "Manavgat TUR"]
[Date "2016.02.01"]
[Round "4.30"]
[White "Dogan, Ali Ekber"]
[Black "Sat, Eray"]
[Result "1-0"]
[WhiteElo "2140"]
[BlackElo "1898"]
[WhiteTeam "MALATYA"]
[BlackTeam "YALOVA"]
[WhiteFideId "6304540"]
[BlackFideId "6347967"]
[EventDate "2016.01.30"]

1. d4 Nf6 2. c4 c5 3. d5 e6 4. g3 exd5 5. cxd5 d6 6. Nc3 g6 7. Bg2 Bg7 8. Nf3
O-O 9. O-O Nbd7 10. h3 Nh5 11. g4 Nhf6 12. Bf4 Qe7 13. e4 Ne8 14. Qe2 a6 15. a4
Ne5 16. Nd2 f5 17. exf5 gxf5 18. g5 Rb8 19. Nc4 Nc7 20. Kh1 b5 21. axb5 Nxb5 22.
Nxb5 axb5 23. Na5 Bd7 24. Rfe1 Rfe8 25. Qc2 Qf7 26. Nc6 Rb7 27. Rad1 c4 28. Nb4
Ra7 29. Ra1 Rea8 30. Rxa7 Rxa7 31. Nc6 Bxc6 32. dxc6 Nd3 33. Qd2 Kh8 34. Rd1 Qh5
35. Be3 Ra8 36. b3 f4 37. bxc4 bxc4 38. Bb6 f3 39. Bf1 Be5 40. Qe3 Bf4 41. Bd4+
Kg8 42. Qe6+ Qf7 43. Qxf7+ Kxf7 44. Bxd3 cxd3 45. Rxd3 Bxg5 46. Rxf3+ Ke6 47. c7
Rc8 48. Bb6 d5 49. Kg2 Be7 50. Re3+ Kd7 51. Re5 Bd6 52. Rh5 Kc6 53. Rh6 Kxb6 54.
Rxd6+ Kxc7 55. Rxd5 Kc6 56. Rd4 Rg8+ 57. Kf3 Rg6 58. h4 Kc7 59. Rg4 Rh6 60. Rg7+
Kd6 61. Kg4 Ke6 62. h5 Ke5 63. f4+ Ke4 64. Re7+ Kd5 65. Rd7+ Ke4 66. Re7+ Kd5
67. Kg5 Ra6 68. Rxh7 Ra1 69. h6 Rg1+ 70. Kf5 Kd6 71. Rg7 Rh1 72. h7 Rh2 73. Ra7
Rh1 74. Kf6 Rh2 75. Ra6+ Kd5 76. Kg7 Rg2+ 77. Rg6 1-0

[Event "Turkish Cup 2016"]
[Site "Manavgat TUR"]
[Date "2016.02.01"]
[Round "4.31"]
[White "Basaran, Cahit"]
[Black "Gulden, Egemen"]
[Result "1-0"]
[WhiteElo "1825"]
[BlackElo "2229"]
[WhiteTeam "ERZURUM"]
[BlackTeam "IZMIR"]
[WhiteFideId "6318380"]
[BlackFideId "6324983"]
[EventDate "2016.01.30"]

1. e4 g6 2. d4 Bg7 3. Nf3 d6 4. Bc4 c6 5. Nc3 b5 6. Bd3 Nd7 7. O-O Qc7 8. Be3
Ngf6 9. h3 O-O 10. Qd2 a6 11. Ne2 c5 12. c3 Re8 13. Rac1 e5 14. dxe5 dxe5 15.
Ng3 Bb7 16. Bh6 Bh8 17. Rcd1 Rad8 18. Qe3 c4 19. Bc2 Nc5 20. Ng5 Bg7 21. Bxg7
Kxg7 22. Nf3 Ne6 23. Ne2 Nf4 24. g3 Nxe2+ 25. Qxe2 Qc5 26. Rfe1 a5 27. a3 Rxd1
28. Rxd1 b4 29. axb4 axb4 30. cxb4 Qxb4 31. Qd2 Qc5 32. Re1 Bc6 33. Qc3 Qb5 34.
Nd2 Bd7 35. Nxc4 Rc8 36. b3 Bxh3 37. Qd2 Be6 38. Nd6 Qd7 39. Rd1 Rc7 40. b4 Bg4
41. f3 Be6 42. b5 Rc5 43. Qf2 Qc7 44. Bb1 Rc1 45. Qd2 Rc3 46. Kg2 Rc5 47. Rh1 h5
48. Rf1 Qd7 49. Rf2 h4 50. g4 Bxg4 51. fxg4 Qxg4+ 52. Kf1 Qh3+ 53. Kg1 Rc3 54.
Rg2 Rg3 55. Ba2 Rd3 56. Nf5+ Kg8 57. Rxg6+ Kf8 58. Qb4+ 1-0

[Event "Turkish Cup 2016"]
[Site "Manavgat TUR"]
[Date "2016.02.01"]
[Round "4.32"]
[White "Burcu, Cagatay"]
[Black "Arda, Cagil Irmak"]
[Result "1-0"]
[BlackTitle "WCM"]
[WhiteElo "2193"]
[BlackElo "1907"]
[WhiteTeam "ANTALYA"]
[BlackTeam "ISTANBUL"]
[WhiteFideId "6310630"]
[BlackFideId "6351700"]
[EventDate "2016.01.30"]

1. d4 Nf6 2. Nf3 e6 3. c4 b6 4. g3 Ba6 5. Qa4 Bb7 6. Bg2 Be7 7. O-O O-O 8. Nc3
c5 9. dxc5 Bxc5 10. b4 Be7 11. Rd1 Qc8 12. Qb3 d5 13. cxd5 Nxd5 14. Nxd5 Bxd5
15. Rxd5 exd5 16. Qxd5 Qc3 17. Rb1 Qc2 18. Nd2 Na6 19. Be4 Qd1+ 20. Kg2 Rad8 21.
Qf5 g6 22. Qe5 Bd6 23. Qf6 Be7 24. Qxe7 Rxd2 25. Bxd2 Qxd2 26. Bf3 Qxa2 27. Rd1
Qe6 28. Qxa7 Nxb4 29. Rb1 Nd5 30. Rb5 Nc3 31. Rxb6 Qe5 32. Rb7 g5 33. Re7 Qf5
34. Qd4 Nb5 35. Qe5 Qxe5 36. Rxe5 Nd4 37. Rxg5+ Kh8 38. Rd5 Nxf3 39. Kxf3 Kg7
40. Rd6 Ra8 41. g4 f6 42. h4 Ra5 43. h5 Re5 44. e4 Ra5 45. Kf4 Rb5 46. f3 Ra5
47. Rd5 Ra3 48. g5 1-0

[Event "Turkish Cup 2016"]
[Site "Manavgat TUR"]
[Date "2016.02.01"]
[Round "4.34"]
[White "Karagollu, Ahmet"]
[Black "Degirmenci, Yagiz"]
[Result "1-0"]
[WhiteElo "2113"]
[BlackElo "1809"]
[WhiteTeam "IZMIR"]
[BlackTeam "SIIRT"]
[WhiteFideId "6307825"]
[BlackFideId "6352375"]
[EventDate "2016.01.30"]

1. e4 c5 2. Nf3 Nc6 3. Bb5 a6 4. Bxc6 bxc6 5. O-O d5 6. d3 dxe4 7. dxe4 Qxd1 8.
Rxd1 Bg4 9. Be3 e6 10. Rd3 Bxf3 11. gxf3 Nf6 12. Nd2 Be7 13. Nc4 O-O 14. Rad1
Rfd8 15. Rxd8+ Rxd8 16. Rxd8+ Bxd8 17. Bxc5 Nd7 18. Bd4 f6 19. Kf1 Bc7 20. h3
Kf7 21. a4 g5 22. b4 e5 23. Be3 Ke6 24. Kg2 h6 25. h4 Bd8 26. hxg5 fxg5 27. Bd2
Nb6 28. Nxb6 Bxb6 29. c4 Bd8 30. Be3 Be7 31. Bd2 Kd7 32. Bc3 Bf6 33. Kh3 h5 34.
f4 gxf4 35. f3 Ke6 36. Be1 Be7 37. b5 cxb5 38. cxb5 axb5 39. axb5 Bd8 40. Bh4
Bb6 41. Bg5 Bf2 42. Bd8 Kd7 43. Bh4 Bd4 44. Be1 Kd6 45. Bb4+ Kc7 46. Ba5+ Kd6
47. Kh4 Kc5 48. b6 Kc6 49. b7 Kxb7 50. Kxh5 Ka6 51. Bd8 Kb5 52. Kg4 Kc4 53. Bg5
Bb6 54. Bf6 Kd4 55. Bh4 Ke3 56. Be1 Bd4 57. Bb4 Ke2 58. Be7 Ke3 59. Bg5 Bc3 60.
Bd8 Bd4 61. Be7 Bc3 62. Bc5+ Bd4 63. Ba3 Bc3 64. Bc1+ Bd2 65. Bb2 1-0

[Event "Turkish Cup 2016"]
[Site "Manavgat TUR"]
[Date "2016.02.01"]
[Round "4.35"]
[White "Kucuksari, Kaan"]
[Black "Aksoy, Atilla"]
[Result "1/2-1/2"]
[WhiteElo "2200"]
[BlackElo "1767"]
[WhiteTeam "ANTALYA"]
[BlackTeam "CANAKKALE"]
[WhiteFideId "6380166"]
[BlackFideId "6332404"]
[EventDate "2016.01.30"]

1. d4 e6 2. Nf3 c5 3. c3 Nf6 4. Nbd2 cxd4 5. cxd4 d5 6. e3 Bd6 7. Bd3 O-O 8. O-O
Nc6 9. Re1 e5 10. dxe5 Nxe5 11. Nxe5 Bxe5 12. Nf3 Bd6 13. b3 Ne4 14. Bb2 Bb4 15.
Rf1 Bg4 16. h3 Bh5 17. g4 Bg6 18. a3 Bc3 19. Bxc3 Nxc3 20. Qd2 Ne4 21. Bxe4 Bxe4
22. Nd4 Qh4 23. f3 Bg6 24. Kg2 Rfe8 25. Rfe1 h5 26. Qf2 Qf6 27. Rac1 Rac8 28.
Qd2 Qe5 29. Rxc8 Rxc8 30. Rc1 Re8 31. Rc3 a6 32. Qf2 f5 33. gxf5 Bxf5 34. Qg3
Qf6 35. Rc7 h4 36. Qf4 Qg6+ 37. Kh2 Rxe3 38. Qxe3 Qg3+ 39. Kh1 Qxh3+ 40. Kg1
Qg3+ 41. Kh1 Qh3+ 42. Kg1 Qg3+ 43. Kf1 Bh3+ 44. Ke2 Qh2+ 45. Qf2 Qxc7 46. Qxh4
Qh2+ 47. Ke3 Qg1+ 48. Kd2 g5 49. Qxh3 Qxd4+ 50. Kc2 Qf2+ 51. Kc1 Qe3+ 52. Kc2
Qc5+ 53. Kb2 Qd4+ 1/2-1/2

[Event "Turkish Cup 2016"]
[Site "Manavgat TUR"]
[Date "2016.02.01"]
[Round "4.36"]
[White "Donmez, Yusuf"]
[Black "Akyuz, Murat"]
[Result "1-0"]
[WhiteElo "2071"]
[BlackElo "1874"]
[WhiteTeam "KARAMAN"]
[BlackTeam "DIYARBAKIR"]
[WhiteFideId "6301967"]
[BlackFideId "6366279"]
[EventDate "2016.01.30"]

1. d4 Nf6 2. Nf3 e6 3. Bf4 c5 4. e3 d5 5. Nbd2 Nc6 6. c3 Bd6 7. Bg3 O-O 8. Bd3
b6 9. Ne5 Qc7 10. f4 Bb7 11. Qf3 Ne7 12. Bh4 Ng6 13. Bg5 Be7 14. h4 Nxe5 15.
fxe5 Ne8 16. Qh5 g6 17. Qh6 f5 18. Nf3 Rf7 19. Bxe7 Qxe7 20. Ng5 Rg7 21. O-O-O
c4 22. Bc2 b5 23. h5 Bc6 24. g4 Bd7 25. Rdg1 b4 26. gxf5 exf5 27. hxg6 bxc3 28.
Nxh7 1-0

[Event "Turkish Cup 2016"]
[Site "Manavgat TUR"]
[Date "2016.02.01"]
[Round "4.37"]
[White "Mecit, Emre"]
[Black "Baylav, Can"]
[Result "1/2-1/2"]
[WhiteElo "2092"]
[BlackElo "1805"]
[WhiteTeam "YALOVA"]
[BlackTeam "KOCAELI"]
[WhiteFideId "6304214"]
[BlackFideId "6361293"]
[EventDate "2016.01.30"]

1. e4 c5 2. c3 d5 3. exd5 Qxd5 4. d4 Nf6 5. Nf3 Bg4 6. Be2 e6 7. h3 Bh5 8. Na3
a6 9. Nc2 Be7 10. O-O O-O 11. Ne3 Qd8 12. Qb3 Nc6 13. Rd1 Qc7 14. d5 Na5 15. Qa4
b5 16. Qh4 Bxf3 17. Bxf3 Rad8 18. b4 Nxd5 19. Nxd5 Rxd5 20. Qe4 Rxd1+ 21. Bxd1
Qc6 22. Qxc6 Nxc6 23. bxc5 Bxc5 24. a4 b4 25. cxb4 Bxb4 26. Be3 a5 1/2-1/2

[Event "Turkish Cup 2016"]
[Site "Manavgat TUR"]
[Date "2016.02.01"]
[Round "4.38"]
[White "Akdagli, Gokhan"]
[Black "Zor, Alber Kadir"]
[Result "0-1"]
[WhiteElo "1804"]
[BlackElo "2134"]
[WhiteTeam "IZMIR"]
[BlackTeam "ANKARA"]
[WhiteFideId "6308910"]
[BlackFideId "6353169"]
[EventDate "2016.01.30"]

1. e4 c5 2. c3 Nf6 3. e5 Nd5 4. d4 cxd4 5. Nf3 e6 6. cxd4 d6 7. Nc3 Nxc3 8. bxc3
Qc7 9. Bd2 Nd7 10. exd6 Bxd6 11. Bd3 b6 12. Qe2 Bb7 13. h3 O-O 14. O-O Rac8 15.
Rfe1 Bf4 16. Bxf4 Qxf4 17. Qe3 Qxe3 18. Rxe3 Rfd8 19. Rd1 Nf6 20. c4 Bxf3 21.
Rxf3 Kf8 22. Be2 Ne4 23. Ra3 Rc7 24. Bf3 Nd6 25. c5 Nf5 26. cxb6 axb6 27. Rad3
Rcd7 28. d5 Ne7 29. d6 Nf5 30. Bc6 Rxd6 31. Rxd6 Rxd6 32. Rxd6 Nxd6 33. Kf1 Nf5
34. Ke1 h5 35. g4 Nd4 36. Be4 h4 37. Kd2 e5 38. Ke3 g5 39. Bd5 Ke7 40. Bc4 f6
41. Ke4 Kd6 42. Bg8 b5 43. Bf7 Ne2 44. Be8 b4 45. Kd3 Nf4+ 46. Kc4 Nxh3 47. Kxb4
Nxf2 48. Kb5 h3 49. Bc6 e4 50. a4 h2 0-1

[Event "Turkish Cup 2016"]
[Site "Manavgat TUR"]
[Date "2016.02.01"]
[Round "4.39"]
[White "Kerem, Halil Ozgun"]
[Black "Sari, Yasin"]
[Result "1-0"]
[WhiteElo "1848"]
[BlackElo "2088"]
[WhiteTeam "KARAMAN"]
[BlackTeam "ANTALYA"]
[WhiteFideId "6348475"]
[BlackFideId "6320902"]
[EventDate "2016.01.30"]

1. Nf3 Nf6 2. g3 b5 3. Bg2 Bb7 4. d4 e6 5. Nbd2 c5 6. c4 Qb6 7. O-O Be7 8. b4
cxb4 9. c5 Qd8 10. Qb3 a5 11. a3 Na6 12. axb4 axb4 13. Qd3 Nc7 14. Bb2 Ra4 15.
e4 O-O 16. Rfe1 Nfe8 17. Rxa4 bxa4 18. Qc4 Na6 19. Qb5 Qa8 20. Qxa4 d6 21. Qd7
Bf6 22. Qb5 dxc5 23. e5 Nec7 24. Qa5 Be7 25. dxc5 Bxc5 26. Rc1 Qa7 27. Rf1 Rd8
28. Qa1 Bd5 29. Qb1 Qb7 30. Ng5 Bxg2 31. Qxh7+ Kf8 32. Qh8+ Ke7 33. Qxg7 Rf8 34.
Nh7 Ke8 35. Rd1 Be7 36. Ne4 Bxe4 37. Qxf8+ 1-0

[Event "Turkish Cup 2016"]
[Site "Manavgat TUR"]
[Date "2016.02.01"]
[Round "4.40"]
[White "Afyoncu, Omer"]
[Black "Ozbilici, Abdullah"]
[Result "1-0"]
[WhiteElo "2037"]
[BlackElo "1792"]
[WhiteTeam "ANKARA"]
[BlackTeam "ADIYAMAN"]
[WhiteFideId "6305989"]
[BlackFideId "34506446"]
[EventDate "2016.01.30"]

1. d4 b6 2. e4 Bb7 3. Bd3 e6 4. Nf3 Nf6 5. Qe2 d5 6. e5 Ne4 7. O-O Be7 8. Nbd2
Nxd2 9. Nxd2 c5 10. c3 Nc6 11. Qg4 cxd4 12. Qxg7 Kd7 13. Nf3 Qg8 14. Qxg8 Raxg8
15. cxd4 h5 16. Bd2 h4 17. h3 Rg7 18. Rfc1 f6 19. Bf4 Rhg8 20. Bf1 a6 21. Rc3 f5
22. Rac1 b5 23. Kh1 Bd8 24. a4 b4 25. Rd3 Bb6 26. Bh6 Rg6 27. Be3 Bd8 28. Nd2 a5
29. Nb3 Bb6 30. Rd2 Ke7 31. Nc5 Bxc5 32. Rxc5 Rc8 33. Rdc2 Rgg8 34. Bb5 b3 35.
Rc1 Nb4 36. Rc7+ Rxc7 37. Rxc7+ 1-0

[Event "Turkish Cup 2016"]
[Site "Manavgat TUR"]
[Date "2016.02.01"]
[Round "4.41"]
[White "Ciftci, Mehmet Emin"]
[Black "Temizkan, Denizcan"]
[Result "0-1"]
[BlackTitle "FM"]
[WhiteElo "1874"]
[BlackElo "2002"]
[WhiteTeam "KARAMAN"]
[BlackTeam "HATAY"]
[WhiteFideId "6312721"]
[BlackFideId "6325157"]
[EventDate "2016.01.30"]

1. Nf3 d5 2. g3 Nf6 3. Bg2 c6 4. c4 Bg4 5. Ne5 Bf5 6. O-O Nbd7 7. Nxd7 Qxd7 8.
d3 e6 9. Nd2 Be7 10. b3 O-O 11. Bb2 a5 12. a3 b5 13. Nf3 Rfc8 14. Qd2 h6 15. h3
Qe8 16. g4 Bh7 17. Be5 Nd7 18. Bg3 Bf6 19. Ra2 Nc5 20. cxd5 Nxb3 21. Qc2 a4 22.
dxe6 Qxe6 23. e4 c5 24. Rd1 c4 25. Ne1 cxd3 26. Qxd3 Nc1 27. Rxc1 Rxc1 28. Qd2
Rxe1+ 29. Qxe1 Qxa2 30. e5 Re8 31. Qc3 Be7 32. Qc6 Rd8 33. Qxb5 Qb1+ 0-1

[Event "Turkish Cup 2016"]
[Site "Manavgat TUR"]
[Date "2016.02.01"]
[Round "4.42"]
[White "Sahin, Ozgun"]
[Black "Bayyurt, Izge"]
[Result "1-0"]
[WhiteElo "2085"]
[BlackElo "1719"]
[WhiteTeam "BURDUR"]
[BlackTeam "CANAKKALE"]
[WhiteFideId "6328121"]
[BlackFideId "6323154"]
[EventDate "2016.01.30"]

1. d4 Nf6 2. Nc3 g6 3. Bg5 Bg7 4. Qd2 O-O 5. h4 d5 6. f3 c5 7. dxc5 d4 8. Bxf6
dxc3 9. Qxd8 Rxd8 10. Bxg7 Kxg7 11. bxc3 Rd5 12. e4 Rxc5 13. Kd2 Be6 14. Bd3 Nd7
15. Ne2 f6 16. Rhb1 Nb6 17. a4 Rd8 18. Nd4 Bf7 19. a5 Nc4+ 20. Bxc4 Rxc4 21.
Rxb7 e5 22. Kd3 Rc6 23. Rxa7 Kf8 24. Ra4 exd4 25. cxd4 Rdc8 26. d5 Rc3+ 27. Kd4
Rxc2 28. a6 Be8 29. Ra3 R2c4+ 30. Ke3 Bb5 31. Kf4 1-0

[Event "Turkish Cup 2016"]
[Site "Manavgat TUR"]
[Date "2016.02.01"]
[Round "4.43"]
[White "Cam, Vedat"]
[Black "Ozenir, Ekin Baris"]
[Result "0-1"]
[BlackTitle "CM"]
[WhiteElo "1857"]
[BlackElo "2097"]
[WhiteTeam "BITLIS"]
[BlackTeam "MERSIN"]
[WhiteFideId "6383424"]
[BlackFideId "6357415"]
[EventDate "2016.01.30"]

1. d4 f5 2. c4 Nf6 3. Nc3 e6 4. g3 d5 5. Bg2 c6 6. e3 Nbd7 7. cxd5 cxd5 8. Nh3
Bd6 9. O-O O-O 10. Nb5 Bb8 11. b3 a6 12. Nc3 Bd6 13. a4 Qe7 14. Bb2 b6 15. Qc1
Bb7 16. Nf4 Rac8 17. Qd2 Ne4 18. Qd3 g5 19. Nfe2 g4 20. f3 gxf3 21. Bxf3 Nb8 22.
Nf4 Nc6 23. Nfxd5 exd5 24. Nxd5 Qe6 25. Qc4 Nd8 26. Ne7+ Bxe7 27. Qd3 Qd5 28. g4
fxg4 29. Bxg4 Nf2 30. e4 Nxd3 31. Rxf8+ Bxf8 32. exd5 Rc2 33. Bf5 Rxb2 34. Bxd3
Bxd5 35. Bc4 Bxc4 36. bxc4 Bg7 0-1

[Event "Turkish Cup 2016"]
[Site "Manavgat TUR"]
[Date "2016.02.01"]
[Round "4.44"]
[White "Olcum, Ahmet"]
[Black "Yarar, Muammer Atakan"]
[Result "1-0"]
[WhiteElo "2013"]
[BlackElo "1750"]
[WhiteTeam "KARAMAN"]
[BlackTeam "KARAMAN"]
[WhiteFideId "6311393"]
[BlackFideId "6335535"]
[EventDate "2016.01.30"]

1. e4 c5 2. Nc3 Nc6 3. g3 a6 4. a4 g6 5. Bg2 Bg7 6. d3 d6 7. Be3 Rb8 8. Qd2 b5
9. axb5 axb5 10. f4 Nd4 11. h3 Bd7 12. Nge2 Nxe2 13. Qxe2 Qc8 14. g4 b4 15. Nd1
e6 16. O-O f6 17. f5 e5 18. g5 h6 19. gxf6 Nxf6 20. fxg6 Bxh3 21. Rxf6 Bxf6 22.
g7 Bxg2 23. gxh8=Q+ Bxh8 24. Qxg2 Kd7 25. Qh3+ Kc6 26. Qxc8+ 1-0

[Event "Turkish Cup 2016"]
[Site "Manavgat TUR"]
[Date "2016.02.01"]
[Round "4.45"]
[White "Eremkere, Mehmet Halil"]
[Black "Okus, Melih"]
[Result "0-1"]
[WhiteElo "1762"]
[BlackElo "2013"]
[WhiteTeam "BITLIS"]
[BlackTeam "IZMIR"]
[WhiteFideId "6318010"]
[BlackFideId "6305407"]
[EventDate "2016.01.30"]

1. d4 Nf6 2. c4 e5 3. dxe5 Ng4 4. Bf4 g5 5. Bg3 Bg7 6. Nf3 Nc6 7. e3 Ngxe5 8.
Nxe5 Nxe5 9. Nc3 h5 10. h4 g4 11. Be2 d6 12. Qc2 Be6 13. Nb5 c6 14. Nd4 Qa5+ 15.
Kf1 O-O-O 16. Nb3 Qa4 17. Rc1 d5 18. Qc3 dxc4 19. Bxe5 Bxe5 20. Qxe5 cxb3 21.
axb3 Qxb3 22. Qc3 Qxc3 23. bxc3 Rd2 24. f3 f5 25. e4 fxe4 26. fxg4 Bxg4 27.
Bxg4+ hxg4 28. h5 Rd5 29. Re1 Rdxh5 30. Rxh5 Rxh5 31. Rxe4 Rg5 32. Ke2 Kc7 33.
g3 a5 34. Kd3 b5 35. Kc2 Kb6 36. Kb3 a4+ 37. Ka3 Ka5 38. Re8 Rc5 39. Ra8+ Kb6
40. Kb2 Rc4 41. Rb8+ Kc5 42. Rf8 Re4 43. Rg8 Kc4 44. Rd8 Re2+ 45. Ka1 Kxc3 46.
Rd1 b4 47. Rc1+ Kb3 48. Kb1 c5 49. Ka1 c4 50. Kb1 c3 0-1

[Event "Turkish Cup 2016"]
[Site "Manavgat TUR"]
[Date "2016.02.01"]
[Round "4.46"]
[White "Dogdu, Mehmet"]
[Black "Percin, Baris"]
[Result "0-1"]
[WhiteElo "2043"]
[BlackElo "1799"]
[WhiteTeam "KONYA"]
[BlackTeam "HATAY"]
[WhiteFideId "6315623"]
[BlackFideId "6345174"]
[EventDate "2016.01.30"]

1. e4 e5 2. Nf3 Nc6 3. Nc3 Nf6 4. g3 Bc5 5. Bg2 d6 6. O-O h6 7. d3 a5 8. h3 Be6
9. Nh4 Qd7 10. Nd5 Bxd5 11. exd5 Ne7 12. c3 Nfxd5 13. d4 exd4 14. cxd4 Bb6 15.
Bxd5 Nxd5 16. Re1+ Ne7 17. Qe2 Kd8 18. Qf3 Bxd4 19. Qxf7 Nc6 20. Qb3 Re8 21. Bd2
Kc8 22. Rxe8+ Qxe8 23. Re1 Qd8 24. Nf3 Bf6 25. Qf7 Qd7 26. Re8+ Nd8 27. Qf8 b6
28. Bc3 Bxc3 29. bxc3 Kb7 30. Nd4 Rc8 31. Re7 Nc6 32. Rxd7 Rxf8 33. Rxg7 Nxd4
34. cxd4 b5 35. Rg6 Rh8 36. Re6 Kc6 37. Rf6 Kd5 38. a4 b4 39. Rf5+ Kxd4 40. Rxa5
Rb8 0-1

[Event "Turkish Cup 2016"]
[Site "Manavgat TUR"]
[Date "2016.02.01"]
[Round "4.47"]
[White "Samani, Yamac"]
[Black "Sahutoglu, Mehmet Ibrahim"]
[Result "1-0"]
[WhiteElo "2076"]
[BlackElo "1739"]
[WhiteTeam "K.K.T.C."]
[BlackTeam "HATAY"]
[WhiteFideId "6352634"]
[BlackFideId "6346693"]
[EventDate "2016.01.30"]

1. e4 d5 2. exd5 Nf6 3. d4 Bg4 4. f3 Bf5 5. g4 Bg6 6. c4 e6 7. Nc3 exd5 8. g5
Nh5 9. c5 c6 10. f4 Qe7+ 11. Kf2 f5 12. Nf3 Nd7 13. Bd3 O-O-O 14. b4 Re8 15. Rb1
Bf7 16. b5 Nxc5 17. Bxf5+ Kc7 18. bxc6 bxc6 19. Re1 Qd6 20. Rxe8 Bxe8 21. dxc5
Qxc5+ 22. Qd4 g6 23. Bg4 Qxd4+ 24. Nxd4 Ng7 25. Be3 a6 26. Nf3 Nf5 27. Bb6+ Kd6
28. Bxf5 gxf5 29. Bd4 Rg8 30. Rb7 Bg6 31. Na4 Be7 32. Bc5+ 1-0

[Event "Turkish Cup 2016"]
[Site "Manavgat TUR"]
[Date "2016.02.01"]
[Round "4.48"]
[White "Demirag, Gokhan"]
[Black "Karaoglan, Kivanc"]
[Result "0-1"]
[WhiteElo "1797"]
[BlackElo "1982"]
[WhiteTeam "YALOVA"]
[BlackTeam "KAHRAMANMARAS"]
[WhiteFideId "6333451"]
[BlackFideId "6329152"]
[EventDate "2016.01.30"]

1. d4 d6 2. Nf3 Nf6 3. Bf4 g6 4. e3 Bg7 5. Be2 Nh5 6. Bg5 O-O 7. O-O h6 8. Bh4
g5 9. Nfd2 Nf6 10. Bg3 c5 11. c4 cxd4 12. exd4 Qb6 13. Nb3 Ne4 14. Nc3 Nxg3 15.
hxg3 Nc6 16. Nd5 Qd8 17. Qd2 e6 18. Nc3 Qe7 19. Rfe1 b6 20. Bf3 Bb7 21. Bxc6
Bxc6 22. d5 Bb7 23. Nd4 Bxd4 24. Qxd4 e5 25. Qd1 f5 26. b3 Qf6 27. Rc1 Rac8 28.
Qh5 Kg7 29. g4 Rcd8 30. gxf5 Qxf5 31. Ne4 Qg6 32. Qe2 Bc8 33. b4 Bf5 34. Ng3 Bd3
35. Qb2 h5 36. c5 h4 37. Nf1 Bxf1 38. Rxf1 dxc5 39. Qxe5+ Qf6 40. Qe4 Rfe8 41.
Qc4 Rc8 42. Qg4 Kg6 43. Rfe1 Rcd8 44. bxc5 bxc5 45. Re6 Rxe6 46. dxe6 Qe5 47.
Kf1 Rf8 48. Re1 Qf5 49. Qe2 h3 50. gxh3 Qxh3+ 51. Kg1 Rf4 52. Qc2+ Kh6 53. Re3
Rg4+ 54. Rg3 Rxg3+ 55. fxg3 Qxg3+ 56. Kh1 Qh3+ 57. Kg1 Qxe6 58. Qxc5 Qb6 0-1

[Event "Turkish Cup 2016"]
[Site "Manavgat TUR"]
[Date "2016.02.02"]
[Round "5.1"]
[White "Haznedaroglu, Kivanc"]
[Black "Eminov, Orkhan"]
[Result "1/2-1/2"]
[WhiteTitle "GM"]
[BlackTitle "FM"]
[WhiteElo "2467"]
[BlackElo "2263"]
[WhiteTeam "MANISA"]
[BlackTeam "ANKARA"]
[WhiteFideId "6300634"]
[BlackFideId "13402153"]
[EventDate "2016.01.30"]

1. d4 g6 2. c4 Bg7 3. Nc3 d6 4. e4 Nc6 5. Nge2 e5 6. d5 Nce7 7. Be3 f5 8. f3 Nf6
9. h3 O-O 10. Qd2 a6 11. Nc1 Bd7 12. Nd3 b5 13. cxb5 fxe4 14. fxe4 axb5 15. Nb4
c5 16. dxc6 Nxc6 17. Qxd6 Ne8 18. Qd5+ Kh8 19. O-O-O Nd4 20. Kb1 Nc7 21. Qd6 Ne8
22. Qd5 Nc7 23. Qd6 Ne8 24. Qd5 Nc7 25. Qd6 1/2-1/2

[Event "Turkish Cup 2016"]
[Site "Manavgat TUR"]
[Date "2016.02.02"]
[Round "5.3"]
[White "Firat, Burak"]
[Black "Metin, Mehmet"]
[Result "1-0"]
[WhiteTitle "IM"]
[WhiteElo "2452"]
[BlackElo "2149"]
[WhiteTeam "ISTANBUL"]
[BlackTeam "ORDU"]
[WhiteFideId "6305881"]
[BlackFideId "6303730"]
[EventDate "2016.01.30"]

1. e4 c5 2. Nc3 Nc6 3. Bb5 g6 4. Bxc6 dxc6 5. f4 Bg7 6. Nf3 Bg4 7. h3 Bxf3 8.
Qxf3 Nf6 9. d3 O-O 10. Bd2 Ne8 11. O-O-O b5 12. e5 Qc8 13. Ne4 c4 14. Bb4 Qc7
15. dxc4 a5 16. Bc5 Bh6 17. Kb1 Ng7 18. g4 Ne6 19. Be3 Bg7 20. f5 Qxe5 21. c3 b4
22. fxe6 f5 23. gxf5 Rxf5 24. Qg2 bxc3 25. Bd4 Qxe6 26. Nxc3 Rb8 27. Bxg7 Kxg7
28. Rhe1 Qxc4 29. Rxe7+ Kf6 30. Rde1 a4 31. R1e6+ 1-0

[Event "Turkish Cup 2016"]
[Site "Manavgat TUR"]
[Date "2016.02.02"]
[Round "5.4"]
[White "Baglan, Esat"]
[Black "Kanmazalp, Ogulcan"]
[Result "1/2-1/2"]
[WhiteTitle "FM"]
[BlackTitle "IM"]
[WhiteElo "2238"]
[BlackElo "2443"]
[WhiteTeam "ISTANBUL"]
[BlackTeam "KAYSERI"]
[WhiteFideId "6309216"]
[BlackFideId "6304990"]
[EventDate "2016.01.30"]

1. e4 c5 2. Nf3 Nc6 3. d4 cxd4 4. Nxd4 Nf6 5. Nc3 d6 6. Bg5 e6 7. Qd2 a6 8.
O-O-O Bd7 9. f4 b5 10. Bxf6 gxf6 11. Kb1 Qb6 12. Nce2 Rc8 13. f5 h5 14. fxe6
fxe6 15. Nxc6 Qxc6 16. Nd4 Qc5 17. Be2 Ke7 18. e5 Qxe5 19. Rhe1 Qc5 20. Bf3 Kf7
21. Qe2 Qe5 22. Qd3 Qc5 23. Qe2 Qe5 24. Qd3 Qc5 1/2-1/2

[Event "Turkish Cup 2016"]
[Site "Manavgat TUR"]
[Date "2016.02.02"]
[Round "5.5"]
[White "Arat, Ufuk Sezen"]
[Black "Koc, Ilkay"]
[Result "1/2-1/2"]
[WhiteTitle "IM"]
[WhiteElo "2421"]
[BlackElo "2045"]
[WhiteTeam "ISTANBUL"]
[BlackTeam "BURSA"]
[WhiteFideId "6309089"]
[BlackFideId "6304486"]
[EventDate "2016.01.30"]

1. e4 d5 2. exd5 Nf6 3. Bb5+ Nbd7 4. d4 a6 5. Be2 Nxd5 6. c4 N5f6 7. Nf3 e6 8.
O-O c5 9. Nc3 cxd4 10. Nxd4 Be7 11. Be3 O-O 12. Rc1 Qc7 13. Re1 Rd8 14. a3 Ne5
15. b4 Nc6 16. Bf3 e5 17. Nd5 Nxd5 18. cxd5 exd4 19. Bd2 Bf8 20. dxc6 bxc6 21.
Bg5 Rd6 22. Bf4 Bb7 23. Be4 Rad8 24. Qf3 Qb6 25. Bxd6 Rxd6 26. Rc4 g6 27. h4 f5
28. Bd3 Qd8 29. h5 Rd7 30. hxg6 hxg6 31. Re6 Qg5 32. Qe2 c5 33. f4 Qg3 34. Rxc5
Bxc5 35. bxc5 Bd5 36. Re8+ Kf7 37. c6 Rc7 38. Rh8 Qxf4 39. Bxf5 Kg7 40. Re8 Qxf5
41. Re7+ Rxe7 42. Qxe7+ Bf7 43. c7 d3 44. Qd6 d2 45. Qd4+ Qf6 46. Qxd2 Qb6+ 47.
Kh1 Qxc7 48. Qd4+ Kh7 49. Qf6 Qc1+ 50. Kh2 Qc4 51. Qe5 Qb3 52. Qf6 Qe6 53. Qh4+
Kg7 54. Qd4+ Qf6 55. Qc5 Qh4+ 56. Kg1 Qe1+ 57. Kh2 Kf6 58. Qd6+ Qe6 59. Qf4+ Ke7
60. Qc7+ Kf6 61. Qf4+ Kg7 62. Qd4+ Qf6 63. Qc5 g5 64. Kg1 Kh6 65. Qe3 Be6 66.
Qb6 Qa1+ 67. Kf2 Qa2+ 68. Kg1 Qc4 69. Qd6 Qc1+ 70. Kf2 Qf4+ 71. Qxf4 gxf4 72. g3
Kg5 73. gxf4+ Kxf4 74. Ke2 Ke4 75. Kd2 Kd4 76. Kc2 Kc4 77. Kb2 Bf7 1/2-1/2